• 首页
  • 本馆介绍
  • 公告通知
  • 最新文献
  • 馆藏检索
  • 电子资源
  • 读者导购
  • 参考咨询
  • 我的图书馆
  • 登录
  • 详细信息显示
  • 放入我的书架
  • 预约/预借图书
  • 作者相关作品
  • 分类相关作品
  • 丛书相关作品
  • 出版社相关作品

书目信息

  • 表格格式
  • 工作单格式
  • 卡片格式
题名:
媒体刀锋上的舞者
    
 
作者: 郭明全 , 王雪靖 著
分册:  
出版信息: 南京   南京大学出版社  2010
页数: 266页
开本: 26cm
丛书名:
单 册:
中图分类: F279.2 , G219.2
科图分类:
主题词: 企业经济--关系--传播--媒介--中国 , 企业经济 , 关系 , 传播
电子资源:
ISBN: 978-7-305-06150-9
000 00885nam0 2200289 45
001 1034559269
005 20100319082852.35
010    @a978-7-305-06150-9@dCNY35.00
100    @a20100311d2010 em y0chiy50 ea
101 0  @achi
102    @aCN@b320000
105    @ay z 000yy
106    @ar
200 1  @a媒体刀锋上的舞者@AMei Ti Dao Feng Shang De Wu Zhe@f郭明全,王雪靖著@FGuo Ming Quan, Wang Xue Jing Zhu
210    @a南京@c南京大学出版社@d2010
215    @a266页@d26cm
330    @a本书内容包括:走进太平洋、富豪榜方路、媒体风云录、媒体火力点和解读及启示。
606 0  @a企业经济@x关系@x传播@x媒介@y中国
606 0  @a企业经济
606 0  @a关系
606 0  @a传播
690    @aF279.2@v4
690    @aG219.2@v4
701  0 @a郭明全@AGuo Ming Quan@4著
701  0 @a王雪靖@AWang Xue Jing@4著
801  0 @aCN@bTANGWEI@c20100319
905    @b0586252-54@dF279.2@e795@f3
    
    媒体刀锋上的舞者/郭明全,王雪靖著.-南京:南京大学出版社,2010
    266页;26cm
    
    
    ISBN 978-7-305-06150-9:CNY35.00
    本书内容包括:走进太平洋、富豪榜方路、媒体风云录、媒体火力点和解读及启示。
●
相关链接 在E读中查询图书 在五车中查询图书 在当当中查询图书 在豆瓣中查询图书


正题名:媒体刀锋上的舞者     索取号:F279.2/795         预约/预借

序号 登录号 条形码 馆藏地/架位号 状态 备注
1 0586252   205862529   第一样本阅览室/ [索取号:F279.2/795] 在馆    
2 0586253   205862538   密集书库-海洋学院/ [索取号:F279.2/795] 在馆    
3 0586254   205862547   第一借阅区/ [索取号:F279.2/795] 在馆    
唐山师范学院图书馆 欢迎您!
大连网信软件有限公司© 版权所有